Builders of Modern India: (Record no. 204458)

MARC details
000 -LEADER
fixed length control field 00661nam a22001937a 4500
005 - DATE AND TIME OF LATEST TRANSACTION
control field 20240917103728.0
010 ## - LCCN (DPL NO)
LC control number ENG-140980
020 ## - INTERNATIONAL STANDARD BOOK NUMBER
Terms of availability 165.00
International Standard Book Number 9789354092589
035 ## - SYSTEM CONTROL NUMBER
System control number EN-124512
037 ## - SOURCE OF ACQUISITION
Source of stock number/acquisition DBAD
082 ## - DEWEY DECIMAL CLASSIFICATION NUMBER
Classification number 485
100 ## - MAIN ENTRY--PERSONAL NAME
Personal name Verma, Brajlal
245 ## - TITLE STATEMENT
Title Builders of Modern India:
Remainder of title Hanuman Prasad Poddar/
Statement of responsibility, etc By Brajlal Verma
250 ## - EDITION STATEMENT
Edition statement 1
260 ## - PUBLICATION, DISTRIBUTION, ETC. (IMPRINT)
Place of publication, distribution, etc New Delhi
Date of publication, distribution, etc 2022
Name of publisher, distributor, etc Publication Division
270 ## - ADDRESS
City New Delhi
Address Publication Division, Ministry of Information and Broadcasting, Government of India, Soochna Bhawan, CGO Complex, Lodhi Road
Postal code 110003
300 ## - PHYSICAL DESCRIPTION
Extent 146p.
Dimensions 21cm(pbk)
942 ## - ADDED ENTRY ELEMENTS (KOHA)
Source of classification or shelving scheme Dewey Decimal Classification
Item type English Books
Classification part 921
Call number suffix VER
Holdings
Withdrawn status Lost status Not for loan Collection code Home library Current library Date acquired Source of acquisition Cost, normal purchase price Full call number Barcode Copy number Cost, replacement price Koha item type
      Non-fiction Shahdara Branch Shahdara Branch 25/07/2024 DBAD 165.00 921 VER EN-124512 1 165.00 English Books

© Delhi Public Library
Hit Counter
free hit counter